000 00484cam a2200193ua 4500
001 11979
005 20260515114825.0
008 191224n ii |||gr||||Z||||||asm
020 _a9788173394287
040 _cMAIN
082 _a920
100 _aSivanath Barman,
_eAuthor.
245 0 _aAssamiya Jivani Abhidhan
_cBy Sivanath Barman
250 _a3rd ed.
260 _aGuwahati:
_bBanalata,
_c2009.
300 _a320p.
653 _aBiography, genealogy & insignia
942 _cBK
999 _c10753
_d10753